Las huellas del "propio camino" en los relatos de Ana Vásquez /

Guardado en:
書目詳細資料
主要作者: Araujo, Helena
格式: 未知
語言:Spanish
主題:
標簽: 添加標簽
沒有標簽, 成為第一個標記此記錄!

MARC

LEADER 000000000a22000000004500
001 008723
041 0 |a spa 
100 1 |a Araujo, Helena 
245 1 4 |a Las huellas del "propio camino" en los relatos de Ana Vásquez /   |c Helena Araujo. 
310 |a Semestral 
650 4 |a LITERATURA HISPANOAMERICANA 
650 4 |a HISTORIA Y CRITICA 
650 4 |a PUBLICACIONES PERIODICAS 
650 4 |a LITERATURA 
650 4 |a MUJERES EN LA LITERATURA 
650 4 |a MUJERES COMO AUTORAS 
773 0 |x 1011-7989  |d Venezuela : Universidad Central de Venezuela  |t Escritura, teoría y crítica literarias  |g volumen 16, números 31-32 (1991), páginas 9-16 
942 |c ARC 
999 |c 14830  |d 14830